Statistics for Formula One Drivers 2012

Click here to take the quiz!

General Stats

  • This quiz has been taken 432 times
  • The average score is 15 of 24

Answer Stats

NoDriver% Correct
1Sebastian Vettel
99%
4Lewis Hamilton
97%
5Fernando Alonso
95%
2Mark Webber
94%
3Jenson Button
91%
6Felipe Massa
87%
8Nico Rosberg
83%
9Kimi Raikkonen
82%
7Michael Schumacher
81%
10Romain Grosjean
70%
16Daniel Ricciardo
68%
15Sergio Perez
67%
12Nico Hulkenberg
60%
18Pastor Maldonado
59%
14Kamui Kobayashi
51%
17Jean-Eric Vergne
45%
11Paul di Resta
45%
25Charles Pic
42%
20Heikki Kovalainen
41%
24Timo Glock
41%
19Bruno Senna
38%
21Vitaly Petrov
30%
23Pedro de la Rosa
29%
22Narain Karthikeyan
26%

Score Distribution

Percentile by Number Answered

Percent of People with Each Score

Your Score History

You have not taken this quiz